000 00664cam a22002293a 4500
001 19670
003 PGUSA
005 20140828083421.0
008 061030s2006||||xxu|||||s|||||000 | eng d
040 _aPGUSA
_beng
042 _adc
050 4 _aPH
100 1 _aNervander, Emil Fredrik,
_d1840-1914
245 1 0 _a"Pikku poikani" :
_bYksinäytöksinen näytelmä
_h[electronic resource] /
_cEmil Fredrik Nervander
260 _bProject Gutenberg,
_c2006
506 _aPublic domain in the USA.
516 _aElectronic text
653 _aFinnish drama
830 0 _aProject Gutenberg
_v19670
856 4 0 _uhttp://www.gutenberg.org/ebooks/19670
942 _cEB
999 _c248925
_d248925